| 000 | 00786nam a2200217 u 4500 | ||
|---|---|---|---|
| 005 | 20240611063724.0 | ||
| 008 | 170213s1996 mx r 000 0 spa d | ||
| 020 | _a9687742380 | ||
| 035 | _aUPN01000215971 | ||
| 049 | _aCG | ||
| 050 | 4 |
_aLC5309 U5.9 _bL4.001-4 1996 AC |
|
| 245 | 1 | 0 |
_aAlternativas para la enseñanza-aprendizaje de la lengua en el aula : _bantología complementaria / _cCoord. Xóchitl Leticia, Moreno Fernández. |
| 260 |
_aMéxico : _bUPN, _c1996. |
||
| 300 |
_a117 p. ; _bil., figs. |
||
| 500 | _a"Licenciatura en Educación Plan 94" | ||
| 650 | 4 |
_aEspañol _xGramática _xEstudio y enseñanza _99372 |
|
| 650 | 4 |
_aEscritura _xEstudio y enseñanza _96154 |
|
| 700 | 1 |
_aMoreno Fernández, Xóchitl Leticia, _ecoord. _929396 |
|
| 905 | _aLibro | ||
| 999 |
_c188071 _d188071 |
||